Toruń - prawda czy fałsz? - Statystyki

Ogólne statystyki
  • Ten quiz został rozwiązany 145 razy
    139 od ostatniego zresetowania
  • Średni wynik to 12 z 15
Statystyki odpowiedzi
Zagadnienie Odpowiedź % Poprawnych
Urodził się tutaj Mikołaj Kopernik Prawda
98%
Średniowieczny zespół miejski Torunia jest wpisany na listę światowego dziedzictwa Unesco Prawda
93%
Jest większy powierzchniowo od Bydgoszczy Fałsz
91%
Anioł znajduje się na herbie miasta Prawda
91%
Przez miasto przepływa Wisła Prawda
91%
Tablica rejestracyjna na samochodach zaczynają się KT Fałsz
89%
Stąd pochodzi Grzegorz Braun i Sławomir Mentzen Prawda
87%
Znajduje się w Kotlinie Toruńskiej Prawda
85%
Najpopularniejszym rodzajem piernika z toruńskiego jest piernik w kształcie ludzika Fałsz
83%
Patronem miasta jest Jan Paweł II Fałsz
83%
Po rozbiorach należał do Cesarstwa Rosyjskiego Fałsz
83%
Kościół Rzymskokatolicki pw. św. Katarzyny to najwyższy budynek w mieście Prawda
65%
Składa się z 24 okręgów Prawda
65%
Powstał w IX wieku Fałsz
57%
Michał Zaleski jest Prezydentem tego miasta Fałsz
46%
Nie znaleziono quizów pasujących do podanych kryteriów
Rozkład punktacji
Procent ludzi z każdym wynikiem
Percentyl według liczby udzielonych odpowiedzi
Twoja historia wyników
Nie rozwiązałeś tego quizu od ostatniego zresetowania